00237nam a2200109Ia 4500008004100000041000800041082000800049100002000057245003300077260000600110650001100116220524s9999 xx 000 0 und d aeng a--- aEd. By R.P.Arya aRailway Allan and Time Table b- aGenral